LEADER 01099nam a2200253 i 4500 001 991004123039707536 005 20020506113740.0 008 000908s1974 be ||| | fre 035 $ab10607675-39ule_inst 035 $aEXGIL133816$9ExL 040 $aBiblioteca Interfacoltà$bita 082 0 $a282.092 100 1 $aKupper, Jean-Louis$0169491 245 10$aRaoul de Zähringen, évêque de Liège, 1167-1191 :$bcontribution à l'histoire de la politique impériale sur la Meuse moyenne /$cpar Jean-Louis Kupper 260 $aBruxelles :$bAcadémie royale de Belgique,$c[1974] 300 $aXXXVIII, 230 p. :$bgeneal. table, c. geogr. ;$c25 cm. 490 0 $aMémoires de la classe des lettres. Sér. 2 ;$v62.2 650 4$aZaringen, Rudolf von 907 $a.b10607675$b23-02-17$c27-06-02 912 $a991004123039707536 945 $aLE002 St. XIX A 32$g20021$i2002000717351$lle002$o-$pE0.00$q-$rl$s- $t0$u0$v0$w0$x0$y.i1069335x$z27-06-02 996 $aRaoul de Zähringen, évêque de Liège, 1167-1191$9232904 997 $aUNISALENTO 998 $ale002$b01-01-00$cm$da $e-$ffre$gbe $h0$i1 LEADER 01807nam 2200469z- 450 001 9910623973903321 005 20230207181947.0 010 $a0-8031-7713-5 035 $a(CKB)5860000000094828 035 $a(EXLCZ)995860000000094828 100 $a20221109c2022uuuu -u- - 101 0 $aeng 200 10$aDurability of building and construction sealants and adhesives$h7th volume /$feditors: Christopher C. White and Hiroyuki Miyauchi 210 $cASTM International 311 $a0-8031-7712-7 517 $aDurability of Building and Construction Sealants and Adhesives 606 $aBuilding materials$xTesting$vCongresses 606 $aSealing compounds$xTesting$vCongresses 606 $aSealing compounds$xDeterioration$vCongresses 606 $aAdhesives$xTesting$vCongresses 606 $aAdhesives$xDeterioration$vCongresses 606 $aAdhesives$xDeterioration$2fast$3(OCoLC)fst00796617 606 $aAdhesives$xTesting$2fast$3(OCoLC)fst00796626 606 $aBuilding materials$xTesting$2fast$3(OCoLC)fst00840763 606 $aSealing compounds$xTesting$2fast$3(OCoLC)fst01110299 608 $aConference papers and proceedings.$2fast 615 0$aBuilding materials$xTesting 615 0$aSealing compounds$xTesting 615 0$aSealing compounds$xDeterioration 615 0$aAdhesives$xTesting 615 0$aAdhesives$xDeterioration 615 7$aAdhesives$xDeterioration. 615 7$aAdhesives$xTesting. 615 7$aBuilding materials$xTesting. 615 7$aSealing compounds$xTesting. 702 $aWhite$b Christopher C. 702 $aMiyauchi$b Hiroyuki 712 02$aASTM International, 906 $aBOOK 912 $a9910623973903321 996 $aDurability of building and construction sealants and adhesives$92891586 997 $aUNINA